[Event "18th Karpov Poikovsky"]
[Site "Poikovsky RUS"]
[Date "2017.04.18"]
[Round "1.1"]
[White "Najer, Evgeniy"]
[Black "Bologan, Victor"]
[Result "1-0"]
[WhiteTitle "GM"]
[BlackTitle "GM"]
[WhiteElo "2679"]
[BlackElo "2640"]
[WhiteFideId "4118987"]
[BlackFideId "13900048"]
[EventDate "2017.04.18"]

1. e4 g6 2. d4 Bg7 3. Nc3 c6 4. h3 d6 5. Be3 Qb6 6. Rb1 Nf6 7. g4 Qc7 8. f4 O-O
9. Bg2 b5 10. Nce2 Qa5+ 11. c3 b4 12. g5 Nh5 13. cxb4 Qxa2 14. Nc3 Qc4 15. b5
Bb7 16. bxc6 Nxc6 17. Nge2 e5 18. fxe5 dxe5 19. d5 Nd4 20. Ra1 Qb4 21. O-O Qxb2
22. Rb1 Nxe2+ 23. Nxe2 Qa3 24. Qc1 Qa6 25. Qd2 Bc8 26. Rfc1 Bd7 27. Rc7 Bb5 28.
Nc3 Rfb8 29. Rxb5 Rxb5 30. Bf1 Rab8 31. Nxb5 Rxb5 32. Qd3 1-0

[Event "18th Karpov Poikovsky"]
[Site "Poikovsky RUS"]
[Date "2017.04.18"]
[Round "1.2"]
[White "Inarkiev, Ernesto"]
[Black "Zhigalko, Sergei"]
[Result "1-0"]
[WhiteTitle "GM"]
[BlackTitle "GM"]
[WhiteElo "2727"]
[BlackElo "2639"]
[WhiteFideId "4162722"]
[BlackFideId "13502956"]
[EventDate "2017.04.18"]

1. c4 e5 2. Nc3 Nf6 3. Nf3 Nc6 4. g3 Bb4 5. Bg2 O-O 6. O-O Re8 7. Nd5 a5 8. e3
Bf8 9. d4 d6 10. h3 h6 11. Nxf6+ Qxf6 12. d5 Nb4 13. e4 Bd7 14. Be3 Qg6 15. Qb1
Na6 16. Kh2 Be7 17. b3 Rf8 18. a3 c5 19. Nd2 Rae8 20. h4 b6 21. Bh3 Bxh3 22.
Kxh3 Qh7 23. h5 Bg5 24. f4 exf4 25. gxf4 Bf6 26. Ra2 Bc3 27. f5 g5 28. hxg6 fxg6
29. Qd3 Bf6 30. Bf4 Be5 31. Bxe5 Rxe5 32. Nf3 Ree8 33. fxg6 Qd7+ 34. Kg3 Rf6 35.
Nh4 h5 36. Rf5 Qe7 37. Rg2 Nb8 38. Rxf6 Qxf6 39. Qf3 Nd7 40. Qxh5 Re7 41. Nf5
Qe5+ 42. Kh3 1-0

[Event "18th Karpov Poikovsky"]
[Site "Poikovsky RUS"]
[Date "2017.04.18"]
[Round "1.5"]
[White "Dubov, Daniil"]
[Black "Anton Guijarro, David"]
[Result "1/2-1/2"]
[WhiteTitle "GM"]
[BlackTitle "GM"]
[WhiteElo "2660"]
[BlackElo "2679"]
[WhiteFideId "24126055"]
[BlackFideId "2285525"]
[EventDate "2017.04.18"]

1. c4 Nf6 2. g3 c6 3. Nf3 d5 4. Bg2 dxc4 5. O-O Nbd7 6. Na3 b5 7. Nd4 a6 8. d3
Bb7 9. dxc4 b4 10. Nac2 Qc7 11. Nxb4 c5 12. Nd5 Nxd5 13. cxd5 cxd4 14. Bf4 Qb6
15. Rc1 e5 16. dxe6 fxe6 17. Bxb7 Qxb7 18. Qxd4 Qd5 19. Qc3 e5 20. Rfd1 Qe6 21.
Qf3 Rd8 22. Bg5 Be7 23. Bxe7 Qxe7 24. Rc7 Rf8 25. Qb7 Rf6 26. Rc8 Rxc8 27. Qxc8+
Qd8 28. Qb7 Qe7 29. Qa8+ Qd8 30. Qb7 Qe7 31. Qc8+ Qd8 32. Qb7 1/2-1/2

[Event "18th Karpov Poikovsky"]
[Site "Poikovsky RUS"]
[Date "2017.04.19"]
[Round "2.1"]
[White "Korobov, Anton"]
[Black "Rodshtein, Maxim"]
[Result "1-0"]
[WhiteTitle "GM"]
[BlackTitle "GM"]
[WhiteElo "2695"]
[BlackElo "2701"]
[WhiteFideId "14105730"]
[BlackFideId "2806851"]
[EventDate "2017.04.18"]

1. d4 Nf6 2. c4 g6 3. g3 c6 4. Bg2 d5 5. Nf3 Bg7 6. cxd5 cxd5 7. Ne5 O-O 8. Nc3
e6 9. O-O Nfd7 10. f4 Nc6 11. Be3 Nb6 12. Bf2 Ne7 13. a4 a5 14. Qb3 Rb8 15. Rfc1
Bd7 16. g4 Be8 17. e3 Nbc8 18. Nb5 Nd6 19. Nxd6 Qxd6 20. Be1 b6 21. Qa3 Qxa3 22.
Rxa3 f6 23. Nd3 Rf7 24. b3 f5 25. h3 Rc8 26. Raa1 Nc6 27. b4 Rfc7 28. b5 Nd8 29.
Rxc7 Rxc7 30. Bh4 Nf7 31. gxf5 gxf5 32. Bf1 Rc8 33. Rc1 Rxc1 34. Nxc1 Bf8 35.
Nd3 Bd6 36. Ne5 Kf8 37. Nxf7 Bxf7 38. Bd8 1-0

[Event "18th Karpov Poikovsky"]
[Site "Poikovsky RUS"]
[Date "2017.04.19"]
[Round "2.2"]
[White "Zhigalko, Sergei"]
[Black "Sutovsky, Emil"]
[Result "1/2-1/2"]
[WhiteTitle "GM"]
[BlackTitle "GM"]
[WhiteElo "2639"]
[BlackElo "2650"]
[WhiteFideId "13502956"]
[BlackFideId "2802007"]
[EventDate "2017.04.18"]

1. e4 c5 2. Nf3 d6 3. d4 cxd4 4. Nxd4 Nf6 5. Nc3 a6 6. Be3 Ng4 7. Bc1 Nf6 8. f3
e5 9. Nb3 Be6 10. Be3 Nbd7 11. g4 b5 12. g5 b4 13. Ne2 Ng8 14. h4 h6 15. Bg2
hxg5 16. hxg5 Rxh1+ 17. Bxh1 Nb6 18. Qd3 Be7 19. f4 Nc4 20. O-O-O Nxe3 21. Qxe3
exf4 22. Nxf4 Bxg5 23. e5 d5 24. Kb1 Ne7 25. Qf3 Bxf4 26. Qxf4 Qb6 27. Nd4 Kd7
28. Bf3 Rh8 29. Bg4 Rh6 30. b3 g5 31. Qxg5 Rg6 32. Bxe6+ fxe6 33. Qf4 Qc5 34.
Qf1 Qb6 35. Qh3 Rg5 36. Qe3 Rg4 37. c4 Re4 38. Qd3 Rxe5 39. c5 Qxc5 40. Qxa6 Re4
41. Qb7+ Qc7 42. Qxb4 Ke8 43. Rf1 Rf4 44. Qb5+ Kf7 45. Qe2 Rxf1+ 46. Qxf1+ Ke8
47. Nxe6 Qb6 48. Qf6 Qg1+ 49. Kb2 Qh2+ 50. Kc1 Qg1+ 51. Kd2 Qh2+ 52. Kc3 Qg3+
53. Kd4 Qg1+ 54. Kd3 Qd1+ 55. Ke3 d4+ 56. Kf2 Qd2+ 57. Kf1 Qd3+ 58. Kg2 Qe2+ 59.
Qf2 Qg4+ 60. Kh2 Qh5+ 61. Kg2 Qg6+ 62. Kh2 Qh6+ 63. Kg2 Qg6+ 64. Kh2 Qxe6 65.
Qxd4 Qe2+ 66. Kg1 Nf5 67. Qf4 Ne3 68. Qe4+ Kd7 69. Qd4+ Kc6 70. Qa4+ Kc5 71.
Qa5+ Kd4 72. Qb4+ Kd5 73. Qa5+ Ke4 74. Qb4+ Ke5 75. Qe7+ Kd5 76. Qd7+ Kc5 77.
Qe7+ Kc6 78. Qe4+ Kb5 79. Qa4+ Kb6 80. Qd4+ Kc6 81. Qe4+ Kd6 82. Qd4+ Ke6 83.
Qe4+ Kf6 84. Qh4+ Kg6 85. Qe4+ Kg5 86. Qe5+ Kg4 87. Qe4+ Kg3 88. Qe5+ Kh3 89.
Qe6+ Kh4 90. Qe4+ Kg3 91. Qe5+ Kf3 92. Qf6+ Ke4 93. Qe6+ Kd4 94. Qf6+ Kd5 95.
Qf7+ Kc5 96. Qe7+ Kc6 97. Qe4+ Kd6 98. Qd4+ Nd5 99. a4 Ke6 100. Qc4 Qe3+ 101.
Kf1 Kd6 102. Qa6+ Kd7 103. Qb5+ Kd6 104. Qa6+ 1/2-1/2

[Event "18th Karpov Poikovsky"]
[Site "Poikovsky RUS"]
[Date "2017.04.19"]
[Round "2.3"]
[White "Najer, Evgeniy"]
[Black "Inarkiev, Ernesto"]
[Result "1-0"]
[WhiteTitle "GM"]
[BlackTitle "GM"]
[WhiteElo "2679"]
[BlackElo "2727"]
[WhiteFideId "4118987"]
[BlackFideId "4162722"]
[EventDate "2017.04.18"]

1. e4 e5 2. Nf3 Nc6 3. d4 exd4 4. Nxd4 Nf6 5. Nxc6 bxc6 6. Bd3 d5 7. Qe2 Be7 8.
Nd2 O-O 9. O-O Nd7 10. exd5 cxd5 11. Nb3 c5 12. c4 dxc4 13. Bxc4 Nb6 14. Bd3 Be6
15. Rd1 Qc7 16. Qe4 g6 17. Bf4 Qc8 18. Bh6 Rd8 19. Qe5 f6 20. Qg3 Kf7 21. Be2
Qc6 22. Rdc1 Na4 23. Na5 Qb6 24. Nc4 Qc6 25. Bf3 Bd5 26. Qf4 Kg8 27. Re1 Bf8 28.
Bxf8 Kxf8 29. Qh6+ Kg8 30. Re7 1-0

[Event "18th Karpov Poikovsky"]
[Site "Poikovsky RUS"]
[Date "2017.04.19"]
[Round "2.4"]
[White "Jakovenko, Dmitry"]
[Black "Dubov, Daniil"]
[Result "1/2-1/2"]
[WhiteTitle "GM"]
[BlackTitle "GM"]
[WhiteElo "2718"]
[BlackElo "2660"]
[WhiteFideId "4122356"]
[BlackFideId "24126055"]
[EventDate "2017.04.18"]

1. d4 Nf6 2. c4 e6 3. Nc3 Bb4 4. e3 O-O 5. Bd3 d5 6. a3 Be7 7. Nf3 c5 8. cxd5
cxd4 9. exd4 Nxd5 10. O-O Nc6 11. Re1 Bf6 12. Be4 Nce7 13. Qd3 h6 14. Ne5 Nxc3
15. Qxc3 Nf5 16. Be3 Nxe3 17. Rxe3 Qb6 18. Rd1 1/2-1/2

[Event "18th Karpov Poikovsky"]
[Site "Poikovsky RUS"]
[Date "2017.04.19"]
[Round "2.5"]
[White "Bologan, Victor"]
[Black "Anton Guijarro, David"]
[Result "0-1"]
[WhiteTitle "GM"]
[BlackTitle "GM"]
[WhiteElo "2640"]
[BlackElo "2679"]
[WhiteFideId "13900048"]
[BlackFideId "2285525"]
[EventDate "2017.04.18"]

1. d4 f5 2. Nf3 Nf6 3. g3 g6 4. Bg2 Bg7 5. O-O O-O 6. c3 e6 7. c4 d6 8. Nc3 Ne4
9. Qc2 Nxc3 10. bxc3 e5 11. Ba3 e4 12. Nd2 Nd7 13. c5 dxc5 14. Rad1 Re8 15. f3
cxd4 16. fxe4 dxc3 17. exf5 cxd2 18. fxg6 Ne5 19. gxh7+ Kh8 20. Rxd2 Qg5 21. Rf4
c6 22. Rd6 Be6 23. Qc1 Nf7 24. Rd3 Rad8 25. h4 Qb5 26. Rb4 Qa5 27. Rxb7 Rxd3 28.
exd3 Bd5 29. Be4 Bxe4 30. dxe4 Rxe4 31. Qxc6 Qe1+ 32. Kh2 Re2+ 0-1

[Event "18th Karpov Poikovsky"]
[Site "Poikovsky RUS"]
[Date "2017.04.20"]
[Round "3.1"]
[White "Inarkiev, Ernesto"]
[Black "Bologan, Victor"]
[Result "1-0"]
[WhiteTitle "GM"]
[BlackTitle "GM"]
[WhiteElo "2727"]
[BlackElo "2640"]
[WhiteFideId "4162722"]
[BlackFideId "13900048"]
[EventDate "2017.04.18"]

1. c4 e5 2. Nc3 Bb4 3. Nd5 Be7 4. Nf3 d6 5. d4 e4 6. Nd2 f5 7. Nb1 c6 8. Nxe7
Nxe7 9. Nc3 O-O 10. e3 Be6 11. Be2 Nd7 12. b3 d5 13. a4 a5 14. Rb1 Nf6 15. O-O
Qd6 16. Ra1 Rf7 17. Ba3 Qd7 18. f3 exf3 19. Rxf3 Ng6 20. Qd2 f4 21. exf4 Bg4 22.
Rf2 Bxe2 23. Rxe2 Rd8 24. Bc5 Qg4 25. Rf1 dxc4 26. f5 Nh4 27. h3 Qh5 28. bxc4
Nxf5 29. g4 Nxg4 30. hxg4 Qxg4+ 31. Rg2 Qh3 32. Ne4 h6 33. d5 cxd5 34. cxd5 Qb3
35. d6 b6 36. Bf2 Qxa4 37. Bxb6 Rdf8 38. Qd5 Kh8 39. Rgf2 Qd7 40. Bc5 Ne3 41.
Bxe3 1-0

[Event "18th Karpov Poikovsky"]
[Site "Poikovsky RUS"]
[Date "2017.04.20"]
[Round "3.2"]
[White "Dubov, Daniil"]
[Black "Korobov, Anton"]
[Result "0-1"]
[WhiteTitle "GM"]
[BlackTitle "GM"]
[WhiteElo "2660"]
[BlackElo "2695"]
[WhiteFideId "24126055"]
[BlackFideId "14105730"]
[EventDate "2017.04.18"]

1. e4 c5 2. Nf3 d6 3. d4 cxd4 4. Nxd4 Nf6 5. Nc3 a6 6. g3 e6 7. Bg2 Be7 8. O-O
O-O 9. b3 Qc7 10. Bb2 Nbd7 11. a4 Rb8 12. a5 b5 13. axb6 Qxb6 14. g4 g6 15. g5
Nh5 16. f4 Bb7 17. Kh1 Ng7 18. h4 Rbc8 19. f5 Nh5 20. Na4 Ng3+ 21. Kg1 Qa7 22.
fxe6 Ne5 23. exf7+ Nxf7 24. Re1 Ne5 25. Kh2 Nh5 26. Nf5 Rxf5 27. Bd4 Qxd4 28.
Qxd4 Rf4 29. c4 Rxh4+ 30. Kg1 Bxg5 31. Qxd6 Bf4 32. Qe6+ Kh8 33. Qe7 Bh2+ 34.
Kf2 Rf4+ 35. Ke3 Rf7 36. Qe6 Rf6 37. Qe7 Bf4+ 38. Ke2 Rf7 39. Qe6 Rcf8 40. Bh3
Bxe4 41. Nc5 Bf3+ 42. Kf2 Bc6 43. Ke2 Rd8 44. Ra2 Ng7 45. Qxf7 Nxf7 46. Rxa6 Ne5
47. Kf1 Rf8 0-1

[Event "18th Karpov Poikovsky"]
[Site "Poikovsky RUS"]
[Date "2017.04.20"]
[Round "3.3"]
[White "Sutovsky, Emil"]
[Black "Najer, Evgeniy"]
[Result "1-0"]
[WhiteTitle "GM"]
[BlackTitle "GM"]
[WhiteElo "2650"]
[BlackElo "2679"]
[WhiteFideId "2802007"]
[BlackFideId "4118987"]
[EventDate "2017.04.18"]

1. e4 c5 2. Nf3 d6 3. d4 cxd4 4. Nxd4 Nf6 5. Nc3 a6 6. Bg5 e6 7. f4 Qc7 8. Bxf6
gxf6 9. Be2 Nc6 10. Qd3 Nxd4 11. Qxd4 Qc5 12. Qd3 Bd7 13. O-O-O Rc8 14. Kb1 b5
15. a3 h5 16. f5 b4 17. axb4 Qxb4 18. fxe6 fxe6 19. e5 f5 20. Qg3 Kf7 21. Qg5
Rb8 22. Nb5 Rxb5 23. Qf6+ Kg8 24. Bxb5 Qxb5 25. Rd3 Rh7 26. Rhd1 h4 27. exd6 Qc6
28. Rc3 Qxg2 29. Rc7 Qg7 30. Qd8 f4 31. Rxd7 Qg4 32. Rc1 Rxd7 33. Qxd7 f3 34.
Qe8 f2 35. d7 1-0

[Event "18th Karpov Poikovsky"]
[Site "Poikovsky RUS"]
[Date "2017.04.20"]
[Round "3.4"]
[White "Anton Guijarro, David"]
[Black "Jakovenko, Dmitry"]
[Result "1/2-1/2"]
[WhiteTitle "GM"]
[BlackTitle "GM"]
[WhiteElo "2679"]
[BlackElo "2718"]
[WhiteFideId "2285525"]
[BlackFideId "4122356"]
[EventDate "2017.04.18"]

1. d4 Nf6 2. c4 e6 3. Nf3 d5 4. Nc3 Be7 5. Bg5 h6 6. Bh4 O-O 7. e3 Ne4 8. Bxe7
Qxe7 9. cxd5 Nxc3 10. bxc3 exd5 11. Bd3 c5 12. O-O Nc6 13. Rb1 b6 14. Re1 Qd6
15. e4 dxe4 16. Bxe4 Bg4 17. h3 Bxf3 18. Qxf3 Rac8 19. Bxc6 Rxc6 20. d5 Rc7 21.
c4 Re7 22. Re4 Rfe8 23. Rbe1 Kf8 24. g3 Qg6 25. Rxe7 Rxe7 26. Rxe7 Kxe7 27. Qa3
a5 28. Qe3+ Kd7 29. Qf4 a4 30. Kg2 h5 31. h4 f6 32. Kh2 Qd3 33. Qb8 Qxc4 34.
Qb7+ Kd6 35. Qc6+ Ke5 36. f4+ Kd4 37. d6 Qe2+ 38. Qg2 Qd3 39. d7 Kc3 40. Qc6
Qe2+ 41. Kg1 1/2-1/2

[Event "18th Karpov Poikovsky"]
[Site "Poikovsky RUS"]
[Date "2017.04.20"]
[Round "3.5"]
[White "Rodshtein, Maxim"]
[Black "Zhigalko, Sergei"]
[Result "1/2-1/2"]
[WhiteTitle "GM"]
[BlackTitle "GM"]
[WhiteElo "2701"]
[BlackElo "2639"]
[WhiteFideId "2806851"]
[BlackFideId "13502956"]
[EventDate "2017.04.18"]

1. Nf3 Nf6 2. c4 e6 3. g3 b6 4. Bg2 Bb7 5. d4 Bb4+ 6. Bd2 Bxd2+ 7. Qxd2 O-O 8.
Nc3 d6 9. d5 a5 10. O-O Na6 11. Nd4 e5 12. Nc2 Nc5 13. b3 Ba6 14. Rab1 Rb8 15.
a3 b5 16. b4 axb4 17. axb4 Ncd7 18. Ra1 Qc8 19. cxb5 Bxb5 20. Ne3 Ba6 21. Nf5
Re8 22. Qg5 g6 23. b5 Bxb5 24. Bh3 Qd8 25. f4 exf4 26. Nd4 fxg3 27. Ncxb5 gxh2+
28. Kxh2 Rxb5 29. Nxb5 Rxe2+ 30. Kg1 Re5 31. Qf4 Qe7 32. Nd4 Nxd5 33. Nc6 Nxf4
34. Nxe7+ Rxe7 35. Rxf4 Ne5 36. Rb4 c6 37. Bf1 Kg7 38. Be2 h5 39. Kf2 f5 40. Rb8
d5 41. Raa8 Kf6 42. Kg3 Kg5 43. Re8 h4+ 44. Kh3 1/2-1/2

[Event "18th Karpov Poikovsky"]
[Site "Poikovsky RUS"]
[Date "2017.04.21"]
[Round "4.1"]
[White "Zhigalko, Sergei"]
[Black "Dubov, Daniil"]
[Result "1-0"]
[WhiteTitle "GM"]
[BlackTitle "GM"]
[WhiteElo "2639"]
[BlackElo "2660"]
[WhiteFideId "13502956"]
[BlackFideId "24126055"]
[EventDate "2017.04.18"]

1. e4 c6 2. d4 d5 3. e5 Bf5 4. Nf3 e6 5. Be2 Nd7 6. O-O Bb4 7. c3 Ba5 8. Re1 Bc7
9. Nbd2 h6 10. Nf1 Ne7 11. Ng3 Bh7 12. Bd3 Bxd3 13. Qxd3 c5 14. dxc5 Nxc5 15.
Qb5+ Nd7 16. Nh5 a6 17. Qxb7 Bb6 18. Be3 O-O 19. Bxb6 Nxb6 20. Nd4 Nc4 21. b3
Nxe5 22. Nxe6 fxe6 23. Rxe5 Qd6 24. Rae1 Qc5 25. R5e2 Ra7 26. b4 Qc7 27. Qxc7
Rxc7 28. Rxe6 Nf5 29. Nf4 Rxc3 30. Nxd5 Ra3 31. R6e2 Kh7 32. Rd2 Rb8 33. g3 Rb5
34. h4 a5 35. h5 Rb7 36. bxa5 Ra7 37. Re5 Nd6 38. Nf4 Nf7 39. Rb5 R3xa5 40. Rxa5
Rxa5 41. Kf1 Ng5 42. Re2 Kg8 43. Kg2 Kf7 44. Nd3 Kf6 45. f4 Ne6 46. Ne5 Ra3 47.
Nc4 Rc3 48. Nd6 Ra3 49. Rd2 Nc5 50. Kh3 Ke6 51. Nb5 Rxg3+ 52. Kxg3 Ne4+ 53. Kg4
Nxd2 54. Nd4+ Kf6 55. a4 Nc4 56. Nc6 Ke6 57. a5 Kd6 58. Nd4 Nxa5 59. Nf5+ Ke6
60. Nxg7+ Kf6 61. Nf5 Nc6 62. Nxh6 Ne7 63. Kf3 Kg7 64. Ng4 Nf5 65. Ne3 Nh6 66.
f5 Nf7 67. Ng4 Ng5+ 68. Kf4 Nh3+ 69. Ke5 Ng5 70. f6+ 1-0

[Event "18th Karpov Poikovsky"]
[Site "Poikovsky RUS"]
[Date "2017.04.21"]
[Round "4.2"]
[White "Korobov, Anton"]
[Black "Anton Guijarro, David"]
[Result "1-0"]
[WhiteTitle "GM"]
[BlackTitle "GM"]
[WhiteElo "2695"]
[BlackElo "2679"]
[WhiteFideId "14105730"]
[BlackFideId "2285525"]
[EventDate "2017.04.18"]

1. d4 f5 2. g3 Nf6 3. Bg2 g6 4. Nf3 Bg7 5. O-O O-O 6. b3 d6 7. Bb2 c6 8. c4 Na6
9. Nbd2 e5 10. dxe5 Nd7 11. Ba3 c5 12. e6 Nb6 13. Qc2 Bxe6 14. Rad1 Qe7 15. Bb2
Nb4 16. Qb1 Rad8 17. Bxg7 Qxg7 18. Ne1 a5 19. a3 Nc6 20. Nd3 g5 21. Rfe1 f4 22.
gxf4 gxf4 23. Kh1 Ne5 24. Nxe5 dxe5 25. Rg1 Kh8 26. Be4 Qf6 27. Bxh7 Qh6 28. Be4
Rg8 29. Nf3 Rxd1 30. Qxd1 Rxg1+ 31. Nxg1 Qf8 32. Nf3 a4 33. bxa4 Nxc4 34. Bxb7
Qf5 35. Qd3 Nd6 36. Qxd6 Qb1+ 37. Ne1 Qxb7+ 38. f3 Qd5 39. Qxd5 Bxd5 40. Kg2 c4
41. Kf2 c3 42. Nd3 e4 43. fxe4 Bxe4 44. Nb4 Kg7 45. Ke1 Kf6 46. Na2 c2 47. Kd2
Ke5 48. Nb4 Kd4 49. Nxc2+ Kc4 50. Ne1 Kb3 51. Nd3 Kxa3 52. Nxf4 Kxa4 53. Kc3 Kb5
54. Kd4 Bc2 55. Nd5 Bb3 56. Ke5 Kc6 57. Nf6 Kc7 58. h4 Kd8 59. Kd6 1-0

[Event "18th Karpov Poikovsky"]
[Site "Poikovsky RUS"]
[Date "2017.04.21"]
[Round "4.3"]
[White "Inarkiev, Ernesto"]
[Black "Sutovsky, Emil"]
[Result "1/2-1/2"]
[WhiteTitle "GM"]
[BlackTitle "GM"]
[WhiteElo "2727"]
[BlackElo "2650"]
[WhiteFideId "4162722"]
[BlackFideId "2802007"]
[EventDate "2017.04.18"]

1. d4 Nf6 2. c4 g6 3. Nf3 Bg7 4. g3 O-O 5. Bg2 d6 6. O-O Nc6 7. Nc3 e5 8. d5 Nb8
9. e4 a5 10. Ne1 Na6 11. Nd3 Nb4 12. Ne1 Na6 13. f4 exf4 14. gxf4 Re8 15. Nd3
Ng4 16. h3 Bd4+ 17. Kh1 Qh4 18. Qe1 Qxe1 19. Rxe1 Nc5 20. Nxc5 Nf2+ 21. Kh2 Bxc5
22. Nb5 Nd3 23. Rd1 Nf2 24. Re1 Nd3 25. Rd1 Nf2 1/2-1/2

[Event "18th Karpov Poikovsky"]
[Site "Poikovsky RUS"]
[Date "2017.04.21"]
[Round "4.4"]
[White "Najer, Evgeniy"]
[Black "Rodshtein, Maxim"]
[Result "1-0"]
[WhiteTitle "GM"]
[BlackTitle "GM"]
[WhiteElo "2679"]
[BlackElo "2701"]
[WhiteFideId "4118987"]
[BlackFideId "2806851"]
[EventDate "2017.04.18"]

1. e4 e5 2. Nf3 Nc6 3. Bc4 Bc5 4. c3 Nf6 5. d4 exd4 6. e5 d5 7. Bb5 Ne4 8. cxd4
Bb6 9. Nc3 O-O 10. Be3 f6 11. Qb3 Ba5 12. O-O Bxc3 13. bxc3 Na5 14. Qb4 b6 15.
exf6 Qxf6 16. Ne5 Nd6 17. Be2 Be6 18. Rae1 Nac4 19. Nxc4 Nxc4 20. Bxc4 dxc4 21.
f3 Rae8 22. Bf2 Bd5 23. Bg3 Qc6 24. Be5 a5 25. Qa3 Rf7 26. Rf2 Qg6 27. Kh1 Rfe7
28. f4 Qf5 29. Qb2 Re6 30. Qb5 Rd8 31. Re3 c5 32. Rg3 Qe4 33. Kg1 Rg6 34. Rxg6
Qxg6 35. h3 cxd4 36. Bxd4 Qg3 37. Qxb6 Re8 38. Be5 h5 39. Qxa5 Bf7 40. Rf3 Qe1+
41. Kh2 h4 42. a4 Qd1 43. Bd4 Re1 44. Qd8+ Be8 45. Qxh4 1-0

[Event "18th Karpov Poikovsky"]
[Site "Poikovsky RUS"]
[Date "2017.04.21"]
[Round "4.5"]
[White "Bologan, Victor"]
[Black "Jakovenko, Dmitry"]
[Result "1/2-1/2"]
[WhiteTitle "GM"]
[BlackTitle "GM"]
[WhiteElo "2640"]
[BlackElo "2718"]
[WhiteFideId "13900048"]
[BlackFideId "4122356"]
[EventDate "2017.04.18"]

1. e4 e5 2. Nf3 Nc6 3. Nc3 Nf6 4. Bb5 Nd4 5. Nxd4 exd4 6. e5 dxc3 7. exf6 Qxf6
8. dxc3 Bc5 9. O-O O-O 10. Qh5 d6 11. Qg5 1/2-1/2

[Event "18th Karpov Poikovsky"]
[Site "Poikovsky RUS"]
[Date "2017.04.23"]
[Round "5.1"]
[White "Sutovsky, Emil"]
[Black "Bologan, Victor"]
[Result "1-0"]
[WhiteTitle "GM"]
[BlackTitle "GM"]
[WhiteElo "2650"]
[BlackElo "2640"]
[WhiteFideId "2802007"]
[BlackFideId "13900048"]
[EventDate "2017.04.18"]

1. e4 e5 2. Nf3 Nc6 3. Bb5 a6 4. Ba4 Nf6 5. O-O Be7 6. Re1 b5 7. Bb3 d6 8. c3
O-O 9. h3 Bb7 10. d4 Nd7 11. a4 Na5 12. Bc2 c5 13. d5 c4 14. Be3 Qb8 15. Nbd2
Bc8 16. axb5 axb5 17. Ra3 Nb7 18. Qa1 Rxa3 19. bxa3 f5 20. exf5 Nf6 21. a4 Nxd5
22. axb5 Nxe3 23. Rxe3 Nc5 24. Qb1 Bd7 25. b6 Qb7 26. Nxc4 Qd5 27. Ncxe5 dxe5
28. Rxe5 Qd6 29. f6 Bxf6 30. Bxh7+ Kh8 31. Rh5 Be8 32. Bg6+ Kg8 33. Bh7+ Kh8 34.
Bg6+ Kg8 35. Bxe8 Rxe8 36. b7 Rb8 37. Qg6 Ne6 38. Qe4 Qb6 39. c4 Nc7 40. Ng5
Bxg5 41. Qh7+ Kf7 42. Rxg5 Ne8 43. Qf5+ Kg8 44. Qd5+ Kf8 45. Rh5 Qb1+ 46. Kh2
Qxb7 47. Qe6 1-0

[Event "18th Karpov Poikovsky"]
[Site "Poikovsky RUS"]
[Date "2017.04.23"]
[Round "5.2"]
[White "Dubov, Daniil"]
[Black "Najer, Evgeniy"]
[Result "1/2-1/2"]
[WhiteTitle "GM"]
[BlackTitle "GM"]
[WhiteElo "2660"]
[BlackElo "2679"]
[WhiteFideId "24126055"]
[BlackFideId "4118987"]
[EventDate "2017.04.18"]

1. c4 e5 2. Nc3 d6 3. g3 Nc6 4. Nf3 g5 5. d4 g4 6. d5 Nce7 7. Nd2 h5 8. e4 Bh6
9. Bd3 Nf6 10. Nf1 c5 11. Ne3 Bd7 12. Bd2 Ng6 13. Qc2 Nh7 14. O-O-O Bxe3 15.
Bxe3 Ng5 16. f4 gxf3 17. h4 Nh7 18. Rdf1 Bg4 19. Nb1 Qa5 20. a3 a6 21. Nd2 b5
22. Nxf3 O-O 23. Rf2 Rab8 24. Bd2 Qb6 25. Nh2 Bd7 26. Nf1 bxc4 27. Bxc4 Ba4 28.
Qc3 f5 29. Bg5 f4 30. Rhh2 Nxg5 31. hxg5 Bb5 32. gxf4 Bxc4 33. Qxc4 Nxf4 34. Rf3
Qb5 35. Qxb5 axb5 36. Kd2 Kg7 37. Ne3 Kg6 38. Rg3 Rb7 39. Nf5 Rxf5 40. exf5+
Kxf5 41. g6 Rg7 42. b3 Ke4 43. a4 bxa4 44. bxa4 Kxd5 45. a5 Kc6 46. a6 Kb6 47.
Rb3+ Ka7 48. Rb7+ Rxb7 49. axb7 Nxg6 50. Rxh5 Nf4 51. Rh6 d5 52. Rc6 Kxb7 1/2-1/2

[Event "18th Karpov Poikovsky"]
[Site "Poikovsky RUS"]
[Date "2017.04.23"]
[Round "5.3"]
[White "Jakovenko, Dmitry"]
[Black "Korobov, Anton"]
[Result "1/2-1/2"]
[WhiteTitle "GM"]
[BlackTitle "GM"]
[WhiteElo "2718"]
[BlackElo "2695"]
[WhiteFideId "4122356"]
[BlackFideId "14105730"]
[EventDate "2017.04.18"]

1. e4 e6 2. d4 d5 3. Nc3 Nf6 4. e5 Nfd7 5. f4 c5 6. Nf3 Nc6 7. Be3 Be7 8. Qd2 a6
9. a3 O-O 10. Be2 b6 11. Nd1 f6 12. c3 a5 13. O-O Ba6 14. Bxa6 Rxa6 15. exf6
Nxf6 16. Nf2 Bd6 17. Qe2 Qc8 18. Rae1 Ra7 19. dxc5 bxc5 20. b4 axb4 21. axb4 Nd8
22. bxc5 Bxc5 23. Bd4 Re7 24. g3 Nf7 25. Qd3 Nd6 26. Re2 Nfe4 27. Nd2 Nxf2 28.
Rfxf2 Rc7 29. Re1 Bxd4 30. cxd4 Rc3 31. Qe2 Re8 32. Qe5 Qc6 33. Qh5 Nf5 34. Nf3
g6 35. Qh3 Qb6 36. Kh1 Qb4 37. Qf1 Nxd4 38. Nxd4 Qxd4 39. f5 gxf5 40. Rxf5 Rc7
41. Rfe5 Rf7 42. Qb5 Rff8 43. Qe2 Rf6 44. Rd1 Qa4 45. Rdxd5 Ref8 46. Rd1 Qxd1+ 1/2-1/2

[Event "18th Karpov Poikovsky"]
[Site "Poikovsky RUS"]
[Date "2017.04.23"]
[Round "5.4"]
[White "Rodshtein, Maxim"]
[Black "Inarkiev, Ernesto"]
[Result "0-1"]
[WhiteTitle "GM"]
[BlackTitle "GM"]
[WhiteElo "2701"]
[BlackElo "2727"]
[WhiteFideId "2806851"]
[BlackFideId "4162722"]
[EventDate "2017.04.18"]

1. d4 Nf6 2. c4 e6 3. Nf3 d5 4. Nc3 Bb4 5. Bg5 h6 6. Bxf6 Qxf6 7. e3 O-O 8. Be2
dxc4 9. O-O Qe7 10. Bxc4 c5 11. Qe2 Nc6 12. Rad1 Bxc3 13. bxc3 b6 14. Ne5 Bb7
15. f4 Rac8 16. Nxc6 Bxc6 17. f5 exf5 18. Rxf5 cxd4 19. cxd4 Bd7 20. Rf4 Kh8 21.
e4 f6 22. Ba6 Ba4 23. Rdf1 Rc2 24. Qd3 Rxa2 25. Qc4 Qa3 26. R4f3 Bb3 27. Rxb3
Qxa6 28. Qb4 Rc8 29. Rc3 Rc2 30. Rxc8+ Qxc8 31. Qa4 Kh7 32. h3 Re2 33. d5 Qc3
34. Kh1 Qd3 35. Qxa7 Qxe4 36. Rg1 Re3 37. Qd7 Rd3 38. d6 f5 39. Kh2 Qe5+ 40. Kh1
Rxd6 41. Qc7 Qc5 42. Qb7 Qc6 43. Qf7 Qd5 44. Qe7 Re6 45. Qf7 Re5 46. Qh5 Qe6 47.
Kh2 Re2 0-1